| 000 | 00904nam a22002417a 4500 | ||
|---|---|---|---|
| 999 |
_c17656 _d17656 |
||
| 003 | AR-CdUCM | ||
| 008 | 190329b ||||| |||| 00| 0 spa d | ||
| 040 |
_aMUNICIPALIDAD PROVINCIAL DEL CUSCO _cBIBLIOTECA MUNICIPAL DEL CUSCO |
||
| 082 |
_a868.31 / _bC18 _28ed. |
||
| 100 |
_aCalderón de la Barca, Pedro _9647 |
||
| 245 | _aLa vida es sueño / | ||
| 260 |
_aBuenos Aires : _bKapeluz, _c1965. |
||
| 300 |
_a123 paginas ; _c17 cm. |
||
| 440 |
_aGrandes obras de la literatura universal _937794 |
||
| 505 | _aContenido : Calderón y el barroco -- El mundo del barroco -- La vida es sueño -- El drama de ideas -- La filosofía de la vida es sueño... | ||
| 650 |
_aLiteratura española _9362 |
||
| 650 |
_aLiteratura contemporánea _9759 |
||
| 650 |
_aTeatro español _9648 |
||
| 650 |
_aedad contemporanea _91451 |
||
| 650 |
_aEdad de oro _9649 |
||
| 942 |
_2ddc _cLIBROS |
||
| 945 |
_awnts _d2019-05-09 |
||